| 000 | 00616nam a22002297a 4500 | ||
|---|---|---|---|
| 003 | OSt | ||
| 005 | 20140310184305.0 | ||
| 008 | 121113t xxu||||| |||| 00| 0 eng d | ||
| 020 | _a9780590410564 | ||
| 050 |
_aPZ 7 _b.G492 1967 |
||
| 245 |
_aThe Gingerbread Man / _cPictures By Karen Schmidt |
||
| 260 |
_aNew York : _bScholastic Inc, _c1967. |
||
| 300 |
_a31 p. : _bill. ; _c20 cm. |
||
| 521 | _aG2 | ||
| 526 | _c360 | ||
| 650 |
_aFoxes. _xJuvenile fiction. _923115 |
||
| 650 |
_aFolklore _xJuvenile fiction. _923116 |
||
| 942 |
_2lcc _cBK-SCHOLAS |
||
| 999 |
_c33481 _d33481 |
||